000 00652cam a22002173a 4500
001 35055
003 PGUSA
005 20140828083745.0
008 110124s2011||||xxu|||||s|||||000 | eng d
040 _aPGUSA
_beng
042 _adc
100 1 _aMorris, Clara,
_d1848-1925
245 1 2 _aA Pasteboard Crown :
_bA Story of the New York Stage
_h[electronic resource] /
_cClara Morris
260 _bProject Gutenberg,
_c2011
506 _aPublic domain in the USA.
516 _aElectronic text
700 1 _aChristy, Howard Chandler,
_d1873-1952
830 0 _aProject Gutenberg
_v35055
856 4 0 _uhttp://www.gutenberg.org/ebooks/35055
942 _cEB
999 _c264310
_d264310